Royals: Oberhäupter & Thronfolger - Statistiken

Allgemein
  • Dieses Quiz wurde 47 mal gespielt
  • Das Durchschnittsergebnis liegt bei 15 aus 28
Antwortstatistiken
Königshaus Position Name % Korrekt
Britisches Königshaus 1. Thronfolger Prinz {William}
95%
Britisches Königshaus König seit 2022 Charles III.
93%
Britisches Königshaus 2. Thronfolger Prinz {George}
80%
Britisches Königshaus 3. Thronfolger Prinzessin {Charlotte}
76%
Schwedisches Königshaus 1. Thronfolger Prinzessin {Victoria}
71%
Fürstenhaus Monaco Fürst seit 2005 Albert II.
68%
Spanisches Königshaus König seit 2014 Felipe VI.
68%
Dänisches Königshaus 1. Thronfolger Prinz {Christian}
61%
Schwedisches Königshaus 2. Thronfolger Prinzessin {Estelle}
61%
Schwedisches Königshaus König seit 1973 Carl XVI. Gustaf
56%
Niederländisches Königshaus 1. Thronfolger Prinzessin {Amalia}
56%
Dänisches Königshaus König seit 2024 Frederik X.
54%
Norwegisches Königshaus König seit 1991 Harald V.
54%
Norwegisches Königshaus 1. Thronfolger Prinz {Haakon}
54%
Niederländisches Königshaus König seit 2013 Willem-Alexander
49%
Fürstenhaus Monaco 2. Thronfolger Prinzessin {Gabriella}
46%
Dänisches Königshaus 2. Thronfolger Prinzessin {Isabella}
46%
Spanisches Königshaus 1. Thronfolger Prinzessin {Leonor}
46%
Spanisches Königshaus 2. Thronfolger Prinzessin {Sofia}
46%
Schwedisches Königshaus 3. Thronfolger Prinz {Oscar}
44%
Dänisches Königshaus 3. Thronfolger Prinz {Vincent}
44%
Niederländisches Königshaus 3. Thronfolger Prinzessin {Ariane}
39%
Fürstenhaus Monaco 1. Thronfolger Prinz {Jacques}
39%
Norwegisches Königshaus 2. Thronfolger Prinzessin {Ingrid} {Alexandra}
37%
Norwegisches Königshaus 3. Thronfolger Prinz {Sverre} {Magnus}
37%
Niederländisches Königshaus 2. Thronfolger Prinzessin {Alexia}
37%
Fürstenhaus Monaco 3. Thronfolger Prinzessin {Caroline}
32%
Spanisches Königshaus 3. Thronfolger Prinzessin {Elena}
17%
Keine übereinstimmenden Quizze gefunden
Verteilung der Resultate
Anzahl Personen mit jedem Resultat
Perzentil nach korrekt beantworteten Fragen
Ihre Resultats-Entwicklung
Sie haben dieses Quiz noch nicht gespielt